01339nam a22003497a 4500003000500000005001700005008004100022010001000063011001000073035001000083040000900093090001000102100003200112245014500144260003900289300002200328502011100350590003700461590004100498590004100539590004100580590004200621650002200663650003300685650003300718650003300751901000700784942001000791949004300801999001700844952012800861CHAP20220329135928.0971013s1984 r 00010 d a44253 a45225 a49364 cCHAP aTesis00aTardan Perrin, Luc.9111696 aEfecto de endomicorrizas del tipo arbusculo-vesicular sobre el crecimiento y floración de plantas de tomate (Lycopersicum esculentum Mill) aMonterrey, N.L. :bEl autor,c1984 a89 h.b: gráfs. aTesis (Ing. Agr. Esp. en Producción Agropecuaria) -- ITESM. Div. de Ciencias Agropecuarias y Marítimas aALEPHb10c20130110lUCH01h1313 aBATCH-UPDb10c20130110lUCH01h1118 aBATCH-UPDb10c20130410lUCH01h0709 aBATCH-UPDb10c20130914lUCH01h1816 aCONVERSIONb10c20130109lUCH01h132414aMicorriza.97548614aTomatexCrecimiento.911370214aTomatexFloración.911372314aTomatexRendimiento.9113761 aBK cTESIS bBCcTESd-111384eTS1h17680i49364si c44253d44253 00102local4051708TESISaBCbBCcPA_TESISd2019-12-31fTESISl0oTesisp-111384r2019-12-31 00:00:00w2019-12-31yTESIS